000 00884cam a22003013a 4500
001 4520
003 PGUSA
005 20140828083057.0
008 031001s2003||||xxu|||||s|||||000 1 eng d
040 _aPGUSA
_beng
042 _adc
050 4 _aPR
100 1 _aLawrence, D. H.
_q(David Herbert),
_d1885-1930
245 1 0 _aAaron's Rod
_h[electronic resource] /
_cD. H. Lawrence
260 _bProject Gutenberg,
_c2003
506 _aPublic domain in the USA.
516 _aElectronic text
653 _aRunaway husbands -- Fiction
653 _aBohemianism -- Fiction
653 _aMale friendship -- Fiction
653 _aAdultery -- Fiction
653 _aLondon (England) -- Fiction
653 _aPicaresque literature
653 _aFlorence (Italy) -- Fiction
830 0 _aProject Gutenberg
_v4520
856 4 0 _uhttp://www.gutenberg.org/ebooks/4520
942 _cEB
999 _c233849
_d233849